Phát triển du lịch cộng đồng ở Việt Nam

保存先:
書誌詳細
第一著者:  Nguyễn,Thanh Loan
フォーマット: Sách
言語:Undetermined
出版事項:  Thể thao và Du lịch  2020
主題:
タグ: タグ追加
タグなし, このレコードへの初めてのタグを付けませんか!
Thư viện lưu trữ: Trung tâm Thư viện - Trường Đại học Công nghiệp TP. Hồ Chí Minh
LEADER 00525nam a2200157Ia 4500
001 UIH_06830
008 231011s9999 xx 000 0 und d
082 |a  338.4791 
100 |a  Nguyễn,Thanh Loan 
245 0 |a  Phát triển du lịch cộng đồng ở Việt Nam 
245 0 |c  Nguyễn,Thanh Loan 
260 |b  Thể thao và Du lịch 
260 |c  2020 
650 |a  Du lịch;  
927 |a Sách 
980 |a Trung tâm Thư viện - Trường Đại học Công nghiệp TP. Hồ Chí Minh